La canción colombiana: (Registro nro. 13034)

Detalles MARC
000 -LIDER
fixed length control field 01283nam a22003017a 4500
003 - IDENTIFICACDOR DE NÚMERO DE CONTROL
control field DO-SdBNP
005 - DATE AND TIME OF LATEST TRANSACTION
control field 20230518112025.0
008 - ELEMENTOS DE LONGITUD FIJA
fixed length control field 171123b cl||||| |||| 00| 0 spa d
020 ## - ISBN
International Standard Book Number 9580483612
040 ## - FUENTE DE CATALOGACIÓN
Agencia que crea de manera original el registro BPMSU
Idioma de catalogación spa
Agencia que realiza la transcripción BPMSU
082 #4 - NÚMERO DE CLASIFICACIÓN DECIMAL DE DEWEY
Classification number 784.4986
Item number C215c 2004
Edition number 22
100 1# - ASIENTO PRINCIPAL -- NOMBRE PERSONAL
Nombre personal Rico Salazar, Jaime
Fechas asociadas con el nombre 1937-
245 1# - MENCIÓN DE TITULO
Título La canción colombiana:
Subtítulo su historia, sus compositores y sus mejores intérpretes y canciones /
Mención de responsabilidad Jaime Rico Salazar
260 ## - PUBLICACIÓN, DISTRIBUCIÓN, ETC. (PIE DE IMPRENTA)
Lugar de publicación, distribución, etc Bogotá:
Nombre del editor, distribuidor, etc. Editorial Norma
Fecha de publicación, distribución, etc 2004
300 ## - DESCRIPCIÓN FÍSICA
Extensión 819 p.:
Otros detalles físicos il.;
Dimensiones 28 cm.
500 ## - NOTA GENERAL
Nota general En la carátula : La canción colombiana : su historia, sus compositores, sus mejores intérpretes : 500 canciones armonizadas para guitarra.
500 ## - NOTA GENERAL
Nota general Incluye índice
590 ## - NOTA LOCAL
Texto de la nota local Inventariado, 2023/VM
650 #4 - ENCABEZAMIENTO DE MATERIA--TEMÁTICO
Término temático o nombre geográfico como elemento de entrada Canciones colombianas
Subdivisión de forma Cancioneros.
650 #4 - ENCABEZAMIENTO DE MATERIA--TEMÁTICO
Término temático o nombre geográfico como elemento de entrada Compositores colombianos
Subdivisión de forma Biografías.
650 #4 - ENCABEZAMIENTO DE MATERIA--TEMÁTICO
Término temático o nombre geográfico como elemento de entrada Músicos colombianos
Subdivisión de forma Biografías
650 #4 - ENCABEZAMIENTO DE MATERIA--TEMÁTICO
Término temático o nombre geográfico como elemento de entrada Grupos musicales colombianos
Subdivisión temática general Historia.
650 #4 - ENCABEZAMIENTO DE MATERIA--TEMÁTICO
Término temático o nombre geográfico como elemento de entrada Boleros (Música)
Subdivisión temática general Historia
Subdivisión geográfica Colombia.
740 32 - ASIENTO SECUNDARIO DE TÍTULOS RELACIONADOS O ANALÍTICOS NO CONTROLADOS
Título analítico o relacionado no controlado El bolero en Colombia.
740 32 - ASIENTO SECUNDARIO DE TÍTULOS RELACIONADOS O ANALÍTICOS NO CONTROLADOS
Título analítico o relacionado no controlado La canción colombiana : su historia, sus compositores, sus mejores intérpretes : 500 canciones armonizadas para guitarra.
910 ## - VALIDACIÓN
Validación VMateo V. Control de calidad (BPMSU)
942 ## - ADDED ENTRY ELEMENTS (KOHA)
Source of classification or shelving scheme Dewey Decimal Classification
Koha item type Libros
Existencias
Withdrawn status Lost status Source of classification or shelving scheme Damaged status Not for loan Collection code Home library Current library Date acquired Full call number Barcode Date last seen Price effective from Koha item type
    Dewey Decimal Classification     Colección General Biblioteca Pública Metropolitana Salomé Ureña Biblioteca Pública Metropolitana Salomé Ureña 11/24/2017 BPMSU CG 784.4986 C215c 2004 BPMSU17110405 11/24/2017 11/24/2017 Libros